|
|
|
|
| LEADER |
00000cam a2200000 7i4500 |
| 001 |
0000062207 |
| 005 |
20160404.0 |
| 008 |
160404 |
| 020 |
|
|
|a 9780431119182
|
| 090 |
0 |
0 |
|a 613.2
|b MOR
|
| 100 |
1 |
|
|a Morris, Neil
|
| 245 |
1 |
0 |
|a Do You Know What's In Your Food?:Making Healthy Food Choices
|c Morris, Neil
|
| 260 |
|
|
|a Jordan Hill, Oxford :
|b Heinemann Library ,
|c 2006
|
| 300 |
|
|
|a 56pg. :
|b Col.ill
|
| 650 |
|
0 |
|a English Fiction
|
| 999 |
|
|
|a 0001192372
|b Book
|c Adult Collection
|e Cawangan Tangkak
|
| 999 |
|
|
|a 0001192373
|b Book
|c Adult Collection
|e Cawangan Bandar Penawar
|
| 999 |
|
|
|a 0001192374
|b Book
|c Adult Collection
|e Cawangan Bukit Gambir
|
| 999 |
|
|
|a 0001192377
|b Book
|c Adult Collection
|e Cawangan Pontian
|
| 999 |
|
|
|a 0001192379
|b Book
|c Adult Collection
|e Cawangan Batu Pahat
|
| 999 |
|
|
|a 0001192384
|b Book
|c Adult Collection
|e Cawangan Segamat
|